Một số tác động và điều chỉnh chính sách xúc tiến nông sản đối với hoạt động xuất khẩu nông sản EU /

সংরক্ষণ করুন:
গ্রন্থ-পঞ্জীর বিবরন
প্রধান লেখক: Nguyễn Vinh Hưng.
বিন্যাস: প্রবন্ধ
ভাষা:Vietnamese
বিষয়গুলি:
EU
ট্যাগগুলো: ট্যাগ যুক্ত করুন
কোনো ট্যাগ নেই, প্রথমজন হিসাবে ট্যাগ করুন!
Thư viện lưu trữ: Thư viện Trường Đại học Đà Lạt
LEADER 00876nam a2200265 4500
001 DLU180184023
005 ##20180319
040 # # |a DLU  |b vie 
041 # # |a vie 
044 # # |a vn 
100 # # |a Nguyễn Vinh Hưng. 
245 # # |a Một số tác động và điều chỉnh chính sách xúc tiến nông sản đối với hoạt động xuất khẩu nông sản EU /  |c Nguyễn Vinh Hưng. 
653 # # |a Chính sách xúc tiến nông sản  
653 # # |a EU 
653 # # |a Nông nghiệp  
653 # # |a Xuất khẩu nông sản  
773 # # |t Nghiên cứu Châu Âu   |g Số 9(192), 2016, tr. 42-53 
920 # # |a Phòng Tạp chí -- Trung tâm Thông tin - Thư viện Trường Đại học Đà Lạt 
900 # # |a True 
911 # # |a Nguyễn Thị Thu Phương 
925 # # |a G 
926 # # |a A 
927 # # |a BB 
980 # # |a Thư viện Trường Đại học Đà Lạt